[Event "Dundee & Angus Open"]
[Site "?"]
[Date "2014.10.12"]
[Round "4"]
[White "Abdulla, Murad"]
[Black "Swan (FM), Ian"]
[Result "1/2-1/2"]
[WhiteElo "1983"]
[BlackElo "2197"]
[PlyCount "76"]
[EventDate "2014.??.??"]

1. d4 e6 2. c4 Nf6 3. Nf3 c5 4. Nc3 cxd4 5. Nxd4 d5 6. e3 Be7 7. Qb3 Nc6 8.
cxd5 Nxd4 9. Qa4+ Bd7 10. Qxd4 exd5 11. Be2 O-O 12. O-O Be6 13. Rd1 Qa5 14. Bf3
Rfd8 15. Bd2 Qc5 16. Ne2 Ne4 17. Rac1 Qxd4 18. Nxd4 Nxd2 19. Rxd2 a6 20. Rc7
Bb4 21. Rdc2 Rab8 22. Nxe6 fxe6 23. Bg4 Re8 24. Rd7 Ba5 25. a3 Kf8 26. b4 Bd8
27. Kf1 Re7 28. Rxe7 Kxe7 29. Ke2 Kd6 30. f4 Bb6 31. Bf3 Rf8 32. g3 e5 33. Rd2
d4 34. fxe5+ Kxe5 35. exd4+ Bxd4 36. Bxb7 Rf2+ 37. Kd3 Rxd2+ 38. Kxd2 a5
1/2-1/2

[Event "Dundee & Angus Open"]
[Site "?"]
[Date "2014.10.12"]
[Round "4"]
[White "Milton, Carl"]
[Black "Rodriguez, Luis Rubio"]
[Result "1-0"]
[WhiteElo "1634"]
[BlackElo "1825"]
[PlyCount "59"]
[EventDate "2014.??.??"]

1. d4 d5 2. c4 c6 3. Nf3 Nf6 4. Nc3 Bf5 5. e3 Nbd7 6. Nh4 Bg4 7. f3 Bh5 8. Nf5
e6 9. Ng3 Bg6 10. Bd3 dxc4 11. Bxc4 Be7 12. O-O O-O 13. e4 Nb6 14. Bb3 Qc7 15.
Be3 Rad8 16. Qe2 Rfe8 17. Rfd1 Nbd7 18. Rac1 Nh5 19. d5 Nxg3 20. hxg3 Qxg3 21.
dxe6 Qe5 22. exf7+ Bxf7 23. Bxf7+ Kxf7 24. Bxa7 Bd6 25. Bf2 Qf4 26. Rc2 b5 27.
b3 h5 28. Rcd2 Re6 29. Qe3 Qf6 30. Ne2 {illegible} 1-0

[Event "Dundee & Angus Open"]
[Site "?"]
[Date "2014.10.12"]
[Round "4"]
[White "Hookham, Jamie"]
[Black "Parks, Joe"]
[Result "1-0"]
[WhiteElo "1978"]
[BlackElo "1871"]
[PlyCount "78"]
[EventDate "2014.??.??"]

1. e4 d5 2. exd5 Qxd5 3. Nc3 Qd6 4. d4 c6 5. Bc4 Nf6 6. Nge2 Bf5 7. Bf4 Qb4 8.
Bb3 e6 9. O-O Na6 10. a3 Qa5 11. Ng3 Bg6 12. Qe2 Be7 13. Nce4 O-O 14. Nd6 Qc7
15. Ndf5 Qxf4 16. Nxe7+ Kh8 17. Nxg6+ hxg6 18. Qe5 Qxe5 19. dxe5 Nd7 20. Rfe1
Nac5 21. Ba2 Nb6 22. b4 Ncd7 23. Rad1 a5 24. Bb3 axb4 25. axb4 c5 26. bxc5 Nxc5
27. Rd6 Ra6 28. Kf1 Rc8 29. Red1 Nxb3 30. cxb3 Nd5 31. Rd7 Rb6 32. Rxf7 Rxb3
33. Ne4 Kg8 34. Rd7 Rf8 35. Re1 Ne3+ 36. Kg1 Ng4 37. Re7 Nxe5 38. Rxe6 Nd3 39.
Rf1 b5 1-0

[Event "Dundee & Angus Open"]
[Site "?"]
[Date "2014.10.12"]
[Round "5"]
[White "Tsang, Sai K"]
[Black "Ridge, Mike"]
[Result "1-0"]
[WhiteElo "1846"]
[BlackElo "1881"]
[PlyCount "93"]
[EventDate "2014.??.??"]

1. g3 e5 2. c4 Nc6 3. Bg2 f5 4. d3 Nf6 5. e3 Bb4+ 6. Nc3 Bxc3+ 7. bxc3 d6 8.
Ne2 O-O 9. O-O Qe8 10. Rb1 Rb8 11. Re1 Bd7 12. Ba3 b6 13. Nc1 e4 14. Nb3 Ne5
15. d4 Nxc4 16. Qc1 Be6 17. Nd2 a5 18. Bf1 Qa4 19. Nxc4 Bxc4 20. Bxc4+ Qxc4 21.
Qb2 Rfd8 22. Qb3 d5 23. Be7 Rd7 24. Qxc4 dxc4 25. Bxf6 gxf6 26. Rb5 c6 27. Rxf5
Kg7 28. Rb1 b5 29. Rc5 Rdb7 30. Rxc6 Rb6 31. Rc5 b4 32. Rxc4 b3 33. Rxb3 Rxb3
34. axb3 Rxb3 35. Ra4 Rxc3 36. Rxa5 Rd3 37. g4 h6 38. Kg2 Rd2 39. Kg3 Kg6 40.
h4 Rd1 41. Kf4 Rf1 42. d5 Rxf2+ 43. Kxe4 Re2 44. Ra4 h5 45. gxh5+ Kxh5 46. Rd4
Ra2 47. d6 1-0

[Event "Dundee & Angus Open"]
[Site "?"]
[Date "2014.10.12"]
[Round "5"]
[White "Underwood, Jamie"]
[Black "Sykes, Chris"]
[Result "0-1"]
[WhiteElo "1568"]
[BlackElo "1849"]
[PlyCount "64"]
[EventDate "2014.??.??"]

1. c4 e5 2. g3 c6 3. Bg2 d5 4. cxd5 cxd5 5. d3 Nc6 6. Nc3 Nf6 7. Bg5 d4 8. Ne4
Bb4+ 9. Bd2 Bxd2+ 10. Qxd2 Nxe4 11. dxe4 O-O 12. e3 dxe3 13. Qxe3 Qa5+ 14. Qd2
Qxd2+ 15. Kxd2 Be6 16. Ne2 Rfd8+ 17. Ke1 Nb4 18. Kf1 Bxa2 19. Bf3 Bc4 20. b3
Ba6 21. Kg2 Rd2 22. Nc3 Rc8 23. Nd5 Nxd5 24. exd5 Rcc2 25. Rhd1 Rxf2+ 26. Kg1
Rxf3 27. d6 Rc8 28. Rdc1 Rd8 29. d7 Kf8 30. Re1 f6 31. Red1 Rxb3 32. Rd6 Ke7
0-1

[Event "Dundee & Angus Open"]
[Site "?"]
[Date "2014.10.12"]
[Round "5"]
[White "Wynarczyk, Raymond"]
[Black "Jennings, Richard"]
[Result "0-1"]
[WhiteElo "1953"]
[BlackElo "1820"]
[PlyCount "100"]
[EventDate "2014.??.??"]

1. e4 Nf6 2. e5 Nd5 3. c4 Nb6 4. c5 Nd5 5. Bc4 e6 6. Nc3 Nxc3 7. dxc3 Bxc5 8.
Qg4 Bf8 9. Bg5 Be7 10. Bxe7 Qxe7 11. Qxg7 Rf8 12. Nf3 f5 13. exf6 Rxf6 14. Qh8+
Rf8 15. Qe5 d6 16. Qh5+ Qf7 17. Qh6 Nc6 18. O-O Qg6 19. Qxg6+ hxg6 20. Bd3 Ne7
21. Nh4 Rg8 22. g4 Bd7 23. Rae1 Rg7 24. Nf3 O-O-O 25. Bc4 Rf8 26. Ng5 Rf4 27.
Nxe6 Rxg4+ 28. Kh1 Rh7 29. Nf8 Bc6+ 30. f3 Rxc4 31. Nxh7 Nf5 32. Nf6 Nh4 33.
Ne4 Nxf3 34. Rxf3 Rxe4 35. Ref1 Rf4 36. Kg2 Rxf3 37. Rxf3 Kd7 38. Kg3 Bxf3 39.
Kxf3 Ke6 40. Ke4 b5 41. b3 a5 42. b4 a4 43. a3 g5 44. Kd4 c6 45. c4 bxc4 46.
Kxc4 Ke5 47. h3 Ke4 48. b5 cxb5+ 49. Kxb5 d5 50. Kb4 d4 0-1

[Event "Dundee & Angus Open"]
[Site "?"]
[Date "2014.10.12"]
[Round "5"]
[White "Doyle, James"]
[Black "Lothian, Robert"]
[Result "0-1"]
[WhiteElo "1883"]
[BlackElo "2084"]
[PlyCount "56"]
[EventDate "2014.??.??"]

1. d4 f5 2. g3 Nf6 3. Bg2 g6 4. c4 Bg7 5. Nc3 O-O 6. Nf3 d6 7. O-O Nc6 8. d5
Ne5 9. Nxe5 dxe5 10. e4 f4 11. gxf4 exf4 12. e5 Ng4 13. e6 Ne5 14. b3 g5 15. f3
Qe8 16. Bb2 Qg6 17. Ne4 g4 18. Bxe5 Bxe5 19. Rc1 g3 20. h3 Rf5 21. Re1 Rh5 22.
Rf1 b6 23. Qe2 Bb7 24. Qd3 Rf8 25. Qc2 c6 26. Nc3 Qxc2 27. Rxc2 Bxc3 28. Rxc3
cxd5 {illegible} 0-1

[Event "Dundee & Angus Open"]
[Site "?"]
[Date "2014.10.12"]
[Round "5"]
[White "Parks, Joe"]
[Black "Dawson, Alastair"]
[Result "1-0"]
[WhiteElo "1871"]
[BlackElo "1817"]
[PlyCount "70"]
[EventDate "2014.??.??"]

1. d4 d5 2. Nf3 c6 3. e3 e6 4. b3 Bd6 5. Bd3 Qe7 6. O-O f5 7. Ne5 Nf6 8. Nd2
O-O 9. Bb2 Bd7 10. f4 a5 11. c4 Ne4 12. Ndf3 Be8 13. Qe1 b6 14. cxd5 exd5 15.
Rc1 a4 16. Bc2 a3 17. Ba1 Bb4 18. Qe2 Qd6 19. Bxe4 fxe4 20. Nh4 Qh6 21. Qf2 Be7
22. g3 Na6 23. Ng2 g5 24. Qe2 gxf4 25. Nxf4 Nb4 26. Bc3 Ra7 27. Ng4 Qd6 28.
Bxb4 Qxb4 29. Nh6+ Kh8 30. Ne6 Qd6 31. Qg4 Bg6 32. Nxf8 Bxf8 33. Rxc6 Qxc6 34.
Rxf8+ Kg7 35. Rg8+ Kxh6 1-0

[Event "Dundee & Angus Open"]
[Site "?"]
[Date "2014.10.12"]
[Round "5"]
[White "Greet (IM), Andrew"]
[Black "Abdulla, Murad"]
[Result "1-0"]
[WhiteElo "2474"]
[BlackElo "1983"]
[PlyCount "57"]
[EventDate "2014.??.??"]

1. d4 Nf6 2. c4 c5 3. d5 b5 4. Nf3 bxc4 5. Nc3 d6 6. h3 g6 7. e4 Nbd7 8. Bxc4
Bg7 9. O-O O-O 10. Re1 Ne8 11. Qc2 Nc7 12. Bf4 Nb6 13. Bf1 Bd7 14. a4 a5 15. b3
f5 16. e5 Ncxd5 17. Nxd5 Nxd5 18. Bc4 Be6 19. Bg3 Kh8 20. exd6 f4 21. Bxd5 fxg3
22. Bxa8 gxf2+ 23. Qxf2 Bd4 24. Nxd4 Rxf2 25. Nxe6 Qxa8 26. Kxf2 exd6 27. Rad1
Qb7 28. Rxd6 Qe7 29. Rd8+ 1-0

[Event "Dundee & Angus Open"]
[Site "?"]
[Date "2014.10.11"]
[Round "5"]
[White "McPheator, Gary"]
[Black "James, Chris"]
[Result "1/2-1/2"]
[WhiteElo "1741"]
[BlackElo "1848"]
[PlyCount "129"]
[EventDate "2014.??.??"]

1. e4 e5 2. Nf3 f5 3. Bc4 fxe4 4. Nxe5 d5 5. Qh5+ g6 6. Nxg6 hxg6 7. Qxh8 Kf7
8. Qe5 dxc4 9. Qxe4 Be6 10. O-O Nf6 11. Qe3 Bd6 12. g3 Nc6 13. d4 Nb4 14. Na3
Nbd5 15. Qf3 Bg4 16. Qh1 Bxa3 17. bxa3 Nc3 18. Be3 Ne2+ 19. Kg2 Qd7 20. f3 Bh3+
21. Kf2 Bxf1 22. Qxf1 Nc3 23. Qxc4+ Ncd5 24. Rb1 Kg7 25. Rxb7 Re8 26. Bf4 Qe7
27. Be5 Kh6 28. Rxa7 Qe6 29. Ra6 Qh3 30. Qf1 Qf5 31. Rc6 Ng4+ 32. Kg1 Nxe5 33.
dxe5 Rxe5 34. Qd3 Qxd3 35. cxd3 Re3 36. d4 Rxf3 37. Rc5 Ne3 38. Rc1 Nf5 39.
Rxc7 Rxa3 40. d5 Rxa2 41. g4 Ne3 42. d6 Rg2+ 43. Kh1 Rd2 44. Kg1 Rxd6 45. h3
Rd2 46. Re7 Rg2+ 47. Kh1 Rg3 48. Kh2 Nf1+ 49. Kh1 Rxh3+ 50. Kg2 Rg3+ 51. Kxf1
Rxg4 52. Kf2 Kg5 53. Re5+ Kh4 54. Re3 g5 55. Ra3 Rb4 56. Kg1 Rb2 57. Ra4+ g4
58. Rc4 Kh3 59. Rc1 g3 60. Re1 Rg2+ 61. Kh1 Rf2 62. Kg1 Kg4 63. Ra1 Kf3 64.
Ra3+ Kg4 65. Ra7 1/2-1/2

[Event "Dundee & Angus Open"]
[Site "?"]
[Date "2014.10.12"]
[Round "5"]
[White "Neave, George"]
[Black "Bremner, Adam"]
[Result "0-1"]
[WhiteElo "2166"]
[BlackElo "2157"]
[PlyCount "128"]
[EventDate "2014.??.??"]

1. e4 c6 2. d4 d5 3. e5 Bf5 4. Nf3 e6 5. Be2 Ne7 6. O-O Nd7 7. Nh4 Bg6 8. g3 c5
9. c4 cxd4 10. cxd5 Nxd5 11. Nxg6 hxg6 12. Qxd4 Bc5 13. Qe4 Qc7 14. Bb5 a6 15.
Bxd7+ Qxd7 16. Nd2 Rc8 17. Nc4 Qc6 18. Na5 Qb5 19. Nb3 Ba7 20. Bd2 O-O 21. Rac1
Qd7 22. Kg2 Rxc1 23. Rxc1 Rc8 24. h4 Rxc1 25. Bxc1 Qc6 26. Qf3 Bb8 27. Bf4 Qc2
28. h5 gxh5 29. Qxh5 Ba7 30. Qf3 Qxb2 31. Nd2 Nxf4+ 32. Qxf4 Qxa2 33. Ne4 Qd5
34. Kh2 Bb8 35. Ng5 f6 36. Qc1 fxg5 37. Qc8+ Kh7 38. Qxb8 Qc5 39. Kg1 Qc1+ 40.
Kg2 Qc6+ 41. Kg1 Kg6 42. Qd8 Qd5 43. Qe8+ Kf5 44. Qf7+ Kxe5 45. Qxg7+ Kd6 46.
Qf8+ Kc6 47. Qe8+ Kb6 48. Qh8 a5 49. Qb2+ Ka6 50. Qc2 b5 51. Qc8+ Kb6 52. Qb8+
Kc5 53. Qf8+ Kc4 54. Qa3 b4 55. Qc1+ Kb5 56. Qf1+ Kb6 57. Qa1 b3 58. Qa4 b2 59.
Qc2 Qb5 60. Qb1 a4 61. f4 gxf4 62. gxf4 a3 63. Kg2 a2 64. Qxa2 Qd5+ 0-1

[Event "Dundee & Angus Open"]
[Site "?"]
[Date "2014.10.12"]
[Round "5"]
[White "Durno (WFM), Joy"]
[Black "Hookham, Jamie"]
[Result "0-1"]
[WhiteElo "1732"]
[BlackElo "1978"]
[PlyCount "121"]
[EventDate "2014.??.??"]

1. d4 Nf6 2. c4 c5 3. d5 b5 4. cxb5 a6 5. bxa6 g6 6. Nc3 Bxa6 7. Nf3 Bg7 8. g3
O-O 9. Bg2 d6 10. O-O Nfd7 11. Qc2 Nb6 12. Rd1 Nc4 13. Nd2 Qa5 14. Nxc4 Bxc4
15. Bd2 Qa6 16. a3 Qb7 17. Qe4 Bb3 18. Rdc1 Re8 19. f4 Nd7 20. Qf3 Nb6 21. Re1
Nc4 22. Bc1 Bc2 23. Nd1 Nxb2 24. Bxb2 Bxb2 25. Nxb2 Qxb2 26. Qe3 c4 27. Be4 Bb3
28. Reb1 Qf6 29. Rc1 Ra4 30. Qc3 Qxc3 31. Rxc3 Rea8 32. Bc2 Rxa3 33. Rxa3 Rxa3
34. Kf2 Ra5 35. Bxb3 cxb3 36. Rxb3 Rxd5 37. Rb7 e6 38. Kf3 Kg7 39. h3 Rd2 40.
Rd7 d5 41. Rb7 Ra2 42. Rd7 Ra3+ 43. Kf2 h6 44. Rb7 g5 45. fxg5 hxg5 46. Re7 Kf6
47. Rb7 Kg6 48. Rb6 Kf5 49. Rb4 e5 50. Rb7 f6 51. Rh7 Ke4 52. h4 gxh4 53. Rxh4+
Kf5 54. Rh8 d4 55. Rd8 Ke4 56. Rf8 f5 57. Rd8 d3 58. exd3+ Rxd3 59. Rf8 Rd2+
60. Kg1 Rd7 61. Kf2 0-1

[Event "Dundee & Angus Open"]
[Site "?"]
[Date "2014.10.12"]
[Round "5"]
[White "Swan (FM), Ian"]
[Black "Birkett, Richard"]
[Result "1/2-1/2"]
[WhiteElo "2197"]
[BlackElo "1934"]
[PlyCount "77"]
[EventDate "2014.??.??"]

1. e4 e5 2. Nf3 Nc6 3. Bb5 a6 4. Ba4 d6 5. O-O Nge7 6. c4 Bd7 7. Nc3 Ng6 8. d4
Be7 9. Bxc6 Bxc6 10. dxe5 dxe5 11. Nd5 O-O 12. Qc2 Bxd5 13. cxd5 Qd7 14. Qb3
Qb5 15. Qc2 Bd6 16. a4 Qd7 17. Qb3 Qg4 18. Ng5 Nf4 19. Bxf4 Qxf4 20. Qe3 Qxe3
21. fxe3 h6 22. Nf3 Rfb8 23. Rfc1 a5 24. Kf2 b5 25. axb5 Rxb5 26. Ra2 f5 27.
exf5 Rxd5 28. e4 Rb5 29. Ke2 Rab8 30. Rc2 Rb4 31. Nd2 R8b5 32. Nc4 Bc5 33. Kd3
a4 34. g4 Rb3+ 35. Rc3 Bd4 36. Rxb3 Rxb3+ 37. Kc2 Rh3 38. Rxa4 Rxh2+ 39. Kd3
1/2-1/2

[Event "Dundee & Angus Open"]
[Site "?"]
[Date "2014.10.12"]
[Round "5"]
[White "Romilly, Peter"]
[Black "Pannwitz, Kai"]
[Result "1-0"]
[WhiteElo "2096"]
[BlackElo "1738"]
[PlyCount "78"]
[EventDate "2014.??.??"]

1. e4 c5 2. Nf3 d6 3. d4 cxd4 4. Nxd4 Nf6 5. Nc3 a6 6. Bg5 e6 7. f4 Be7 8. Qf3
h6 9. Bh4 Qc7 10. O-O-O Nbd7 11. g4 b5 12. Bd3 Bb7 13. g5 hxg5 14. Bxg5 b4 15.
Nce2 Nc5 16. Ng3 Rc8 17. h4 Qb6 18. Kb1 Na4 19. Nb3 a5 20. Qe2 Nc5 21. Bb5+ Kf8
22. Nxc5 Rxc5 23. Ba4 Ne8 24. f5 Bxg5 25. hxg5 Rxh1 26. Rxh1 Ke7 27. Bxe8 Kxe8
28. fxe6 fxe6 29. Qh5+ Kd7 30. Qf7+ Kc6 31. Qxg7 Re5 32. Nh5 Rxe4 33. Nf6 Re2
34. Qd7+ Kc5 35. Rd1 Be4 36. Nxe4+ Rxe4 37. g6 Qb8 38. g7 d5 39. Qe7+ Kc6 {
illegible} 1-0

[Event "Dundee & Angus Open"]
[Site "?"]
[Date "2014.10.12"]
[Round "5"]
[White "White, Stuart"]
[Black "Hogg, Stephen"]
[Result "0-1"]
[WhiteElo "2007"]
[BlackElo "1930"]
[PlyCount "64"]
[EventDate "2014.??.??"]

1. d4 Nf6 2. c4 e6 3. Nc3 Bb4 4. e3 O-O 5. Nge2 d5 6. a3 Be7 7. Ng3 b6 8. cxd5
Nxd5 9. e4 Nxc3 10. bxc3 c5 11. Be3 Qc7 12. Qd2 Rd8 13. Bd3 Nc6 14. d5 Ne5 15.
c4 Ba6 16. Rc1 exd5 17. exd5 Rxd5 18. Bxh7+ Kxh7 19. Qxd5 Bb7 20. Qd1 Bxg2 21.
Qh5+ Kg8 22. Rg1 g6 23. Qd1 Nf3+ 24. Ke2 Nxg1+ 25. Qxg1 Qc6 26. Ke1 Rd8 27. Ne2
Bf6 28. Nf4 Bf3 29. Nd5 Bxd5 30. cxd5 Qxd5 31. Qg4 Bb2 32. Rc4 Qh1+ 0-1

[Event "Dundee & Angus Open"]
[Site "?"]
[Date "2014.10.12"]
[Round "5"]
[White "Rodriguez, Luis Rubio"]
[Black "Robinson, Stephen"]
[Result "0-1"]
[WhiteElo "1825"]
[BlackElo "1843"]
[PlyCount "42"]
[EventDate "2014.??.??"]

1. e4 e6 2. d4 d5 3. Nd2 Nf6 4. e5 Nfd7 5. Ngf3 c5 6. c3 Nc6 7. Bd3 Be7 8. O-O
a5 9. Re1 cxd4 10. cxd4 g5 11. h3 h5 12. Nf1 g4 13. hxg4 hxg4 14. N3h2 Bb4 15.
Bd2 Qh4 16. Qxg4 Bxd2 17. Qxh4 Rxh4 18. Nxd2 Rxd4 19. Ndf3 Rxd3 20. Ng4 Nd4 21.
Ng5 Nc2 {illegible} 0-1

[Event "Dundee & Angus Open"]
[Site "?"]
[Date "2014.10.12"]
[Round "5"]
[White "Newton, Andrew"]
[Black "Mitchell, Jeremy"]
[Result "1-0"]
[WhiteElo "1936"]
[BlackElo "1812"]
[PlyCount "106"]
[EventDate "2014.??.??"]

1. d4 d5 2. c4 c6 3. Nf3 Nf6 4. e3 Bf5 5. Nc3 Nbd7 6. cxd5 cxd5 7. Qb3 Qb6 8.
Nxd5 Qxb3 9. Nxf6+ Nxf6 10. axb3 a6 11. Bd2 e6 12. Bb5+ Kd8 13. Ne5 Bg6 14. Ke2
Bd6 15. Nxg6 hxg6 16. Bd3 Rc8 17. e4 Bb8 18. Bc3 Ke7 19. h3 Rhd8 20. Rhd1 Nh5
21. Kf3 Nf4 22. Bf1 f5 23. g3 fxe4+ 24. Kxe4 Nd5 25. Rac1 Rf8 26. Be1 Kd7 27.
Rxc8 Kxc8 28. Bc4 Nf6+ 29. Ke3 Kd7 30. h4 Bc7 31. Ke2 Nd5 32. f3 Bb8 33. Kf2
Ne7 34. Kg2 Nf5 35. Bf2 Bxg3 36. Bxe6+ Kxe6 37. Re1+ Kd5 38. Bxg3 Kxd4 39. Rd1+
Kc5 40. Rd3 Re8 41. Bf2+ Kc6 42. Kf1 Rh8 43. Rc3+ Kd7 44. Rc4 Re8 45. Rc3 Rh8
46. Rc4 Re8 47. Bb6 Ne3+ 48. Bxe3 Rxe3 49. Rb4 Kc6 50. Kf2 Rd3 51. Ke2 Rd6 52.
Rc4+ Kd7 53. Ke3 b5 {illegible} 1-0

[Event "Dundee & Angus Challengers"]
[Site "?"]
[Date "2014.10.10"]
[Round "1"]
[White "Robertson, Jim"]
[Black "Kosznik, Dariusz"]
[Result "1-0"]
[WhiteElo "1537"]
[BlackElo "1563"]
[PlyCount "54"]
[EventDate "2014.??.??"]

1. d4 d5 2. e3 Nf6 3. Bd3 Nbd7 4. f4 c5 5. c3 Ne4 6. Nf3 Ndf6 7. O-O e6 8. Nbd2
Bd6 9. Ne5 Nxd2 10. Bxd2 Ne4 11. Be1 a6 12. Qf3 Nf6 13. a4 a5 14. Bh4 Qb6 15.
Qg3 Kf8 16. Rab1 Qb3 17. f5 Be7 18. fxe6 Bxe6 19. Rf2 Qxa4 20. dxc5 Ne4 21.
Bxe7+ Kxe7 22. Bxe4 Qxe4 23. Qg5+ Ke8 24. Rff1 Rf8 25. Ng6 f6 26. Qg3 Rf7 27.
Rf4 Qxb1+ 1-0

+ 1-0

[Event "Dundee & Angus Challengers"]
[Site "?"]
[Date "2014.10.10"]
[Round "1"]
[White "Dabos-Doukas, Ioannis"]
[Black "Irving, Neil"]
[Result "1/2-1/2"]
[WhiteElo "1500"]
[BlackElo "1644"]
[PlyCount "71"]
[EventDate "2014.??.??"]

1. e4 d5 2. exd5 Qxd5 3. Nc3 Qd6 4. Nf3 Nf6 5. Bc4 Bg4 6. O-O e6 7. d3 Be7 8.
Be3 O-O 9. Re1 a6 10. d4 b5 11. Be2 Nbd7 12. h3 Bh5 13. Ng5 Bxe2 14. Qxe2 h6
15. Nf3 Nb6 16. Ne5 Nbd5 17. Nxd5 Qxd5 18. Qd3 Rfd8 19. c3 Qxe5 20. dxe5 Rxd3
21. exf6 Bxf6 22. Rad1 Rad8 23. Rc1 R8d7 24. g3 h5 25. Kf1 g6 26. Ke2 Kf8 27.
Rc2 Ke8 28. Rec1 R3d5 29. b3 c6 30. c4 Rd3 31. cxb5 cxb5 32. Rc8+ Rd8 33. R8c6
R3d6 34. Rc7 R8d7 35. Rc8+ Rd8 36. R8c7 1/2-1/2

2-1/2

[Event "Dundee & Angus Challengers"]
[Site "?"]
[Date "2014.10.10"]
[Round "1"]
[White "Milton, Anna"]
[Black "Burke, David"]
[Result "1/2-1/2"]
[WhiteElo "1594"]
[BlackElo "1720"]
[PlyCount "46"]
[EventDate "2014.??.??"]

1. d4 Nf6 2. c4 e6 3. Nc3 c5 4. d5 exd5 5. cxd5 d6 6. Nf3 g6 7. Nd2 Bg7 8. e4
O-O 9. Be2 Nbd7 10. O-O a6 11. a4 Rb8 12. Rb1 Qc7 13. b3 Nb6 14. Bb2 Bd7 15.
Nc4 Nxc4 16. bxc4 Rfe8 17. Bd3 b5 18. cxb5 axb5 19. Nxb5 Bxb5 20. Bxf6 Bxf6 21.
axb5 c4 22. Rc1 c3 23. Qb3 Rec8 1/2-1/2

2-1/2

[Event "Dundee & Angus Challengers"]
[Site "?"]
[Date "2014.10.10"]
[Round "1"]
[White "Shafi, Declan"]
[Black "Smith, Callum"]
[Result "1-0"]
[WhiteElo "1621"]
[BlackElo "1057"]
[PlyCount "43"]
[EventDate "2014.??.??"]
[SourceDate "2014.10.20"]

1. d4 d5 2. c4 c6 3. Nf3 Nf6 4. Bf4 dxc4 5. e3 b5 6. a4 Bf5 7. axb5 cxb5 8. b3
Be6 9. bxc4 bxc4 10. Qa4+ Nbd7 11. Nc3 Qc8 12. Ng5 Nd5 13. Nxe6 Nxc3 14. Qc2
Nd5 15. Nxf8 Nb4 16. Qa4 Kxf8 17. Qxb4 c3 18. Rc1 c2 19. Bd3 Rb8 20. Bxb8 Qc3+
21. Qxc3 Ne5 22. Qc8# 1-0

# 1-0

[Event "Dundee & Angus Challengers"]
[Site "?"]
[Date "2014.10.10"]
[Round "1"]
[White "Emery, Keith"]
[Black "Bond, Alexander"]
[Result "1/2-1/2"]
[WhiteElo "1684"]
[BlackElo "1588"]
[PlyCount "64"]
[EventDate "2014.??.??"]

1. e4 c5 2. Nf3 Nc6 3. Nc3 g6 4. Bc4 Bg7 5. d3 Nf6 6. Be3 d6 7. Qc1 Ng4 8. O-O
Nxe3 9. fxe3 e6 10. a3 O-O 11. Ne2 Qb6 12. c3 Rd8 13. Ng5 Ne5 14. Nf4 h6 15.
Nxf7 Nxf7 16. Nxe6 Bxe6 17. Bxe6 Rf8 18. Rf3 Rae8 19. Bd5 Re7 20. Qc2 Qc7 21.
Raf1 Qd7 22. Qf2 b5 23. Qg3 g5 24. Bxf7+ Rexf7 25. Rxf7 Rxf7 26. Rxf7 Kxf7 27.
Qf3+ Ke7 28. Qf5 Qxf5 29. exf5 Kf6 30. g4 Ke5 31. Kf2 d5 32. Ke2 a5 1/2-1/2

2-1/2

[Event "Dundee & Angus Challengers"]
[Site "?"]
[Date "2014.10.10"]
[Round "1"]
[White "Shafi, Paul"]
[Black "MacQueen, Andrew"]
[Result "1/2-1/2"]
[WhiteElo "1606"]
[BlackElo "1761"]
[PlyCount "61"]
[EventDate "2014.??.??"]
[SourceDate "2014.11.26"]

1. d4 g6 2. e3 Bg7 3. Bd3 Nf6 4. f4 b6 5. Nf3 Bb7 6. O-O O-O 7. Nbd2 d6 8. c3
Nbd7 9. Qe1 Rc8 10. Qh4 e6 11. e4 d5 12. e5 Ne4 13. Qxd8 Rfxd8 14. Bxe4 dxe4
15. Ng5 e3 16. Nb3 h6 17. Nf3 e2 18. Re1 Ba6 19. Be3 c5 20. Nc1 cxd4 21. Nxd4
Nc5 22. Ndxe2 Na4 23. Rb1 Bb7 24. Ng3 h5 25. Bd4 Bh6 26. Ne4 Bxf4 27. Nd6 Rc7
28. Nd3 Bh6 29. Nb5 Rcd7 30. Nd6 Bf8 31. Nxb7 1/2-1/2

2

[Event "Dundee & Angus Challengers"]
[Site "?"]
[Date "2014.10.11"]
[Round "2"]
[White "Carter, Richard G"]
[Black "Andrews, Norman G"]
[Result "1-0"]
[WhiteElo "1756"]
[BlackElo "1543"]
[PlyCount "91"]
[EventDate "2014.??.??"]

1. e4 c5 2. Nf3 g6 3. d4 cxd4 4. Qxd4 Nf6 5. Nc3 Nc6 6. Qd2 d6 7. Bc4 h6 8. e5
dxe5 9. Qxd8+ Nxd8 10. Nxe5 Bf5 11. Bb3 Bg7 12. f3 O-O 13. Be3 Nd7 14. Ng4 Kh7
15. O-O-O Nc6 16. Nf2 Nb6 17. g4 Bc8 18. h3 Na5 19. Rhe1 Nxb3+ 20. axb3 Be6 21.
Nfe4 Nd7 22. Nb5 Ne5 23. f4 Nc6 24. Nc7 Rad8 25. Nxe6 fxe6 26. Nc5 Rxd1+ 27.
Rxd1 Nd8 28. Rd7 b6 29. Nd3 g5 30. fxg5 Rf3 31. gxh6 Nc6 32. Bg5 Bxh6 33. Bxh6
Kxh6 34. Rc7 Nd4 35. Rxa7 Nxb3+ 36. Kd1 Nd4 37. Ra4 Nb5 38. h4 Rg3 39. Ke2 Nd6
40. Kf2 b5 41. Kxg3 bxa4 42. Nc5 Nc4 43. Nxa4 e5 44. b4 e4 45. b5 e3 46. b6 1-0

6 1-0

[Event "Dundee & Angus Challengers"]
[Site "?"]
[Date "2014.10.11"]
[Round "2"]
[White "MacQueen, Andrew"]
[Black "Milton, Anna"]
[Result "1/2-1/2"]
[WhiteElo "1761"]
[BlackElo "1594"]
[PlyCount "80"]
[EventDate "2014.??.??"]

1. e4 c5 2. Nf3 e6 3. d4 cxd4 4. Nxd4 Nf6 5. Bd3 Nc6 6. Nxc6 bxc6 7. Be3 d5 8.
Nd2 Be7 9. O-O O-O 10. e5 Nd7 11. f4 c5 12. c3 a5 13. Rf3 Ba6 14. Bc2 Rb8 15.
b3 Qc7 16. Rg3 Rfc8 17. Nf3 Bb7 18. Ng5 Bxg5 19. Rxg5 Nf8 20. Rc1 Qd7 21. f5
Qc7 22. Rxg7+ Kxg7 23. f6+ Kh8 24. Qh5 Ng6 25. Bf4 c4 26. Rf1 cxb3 27. Qh6 Qc5+
28. Rf2 Qf8 29. Bxg6 fxg6 30. Qh3 Qf7 31. axb3 Ba6 32. Rb2 Rc7 33. Qe3 Rcb7 34.
b4 axb4 35. cxb4 Rxb4 36. Rxb4 Rxb4 37. Bh6 Rb1+ 38. Kf2 Rb2+ 39. Kg3 Bc4 40.
Qc3 Rb6 1/2-1/2

2-1/2

[Event "Dundee & Angus Challengers"]
[Site "?"]
[Date "2014.10.11"]
[Round "2"]
[White "Kleboe, James P R"]
[Black "Dabos-Doukas, Ioannis"]
[Result "1-0"]
[WhiteElo "1704"]
[BlackElo "1500"]
[PlyCount "69"]
[EventDate "2014.??.??"]

1. e4 c5 2. Nf3 e6 3. d4 cxd4 4. c3 dxc3 5. Nxc3 Nc6 6. Bc4 a6 7. a3 b5 8. Ba2
Qc7 9. Be3 Bb7 10. Rc1 Nf6 11. O-O Be7 12. Qe2 Qd8 13. b4 Ng4 14. Bf4 Nf6 15.
Rfd1 O-O 16. e5 Nh5 17. Bd2 f5 18. Ne1 Qe8 19. f4 Qg6 20. Be3 Qe8 21. Rd3 g5
22. fxg5 Nxe5 23. Rd4 Qg6 24. h4 h6 25. Bf2 hxg5 26. Qxe5 Bf6 27. Qd6 Bxd4 28.
Bxd4 Bc6 29. Ne2 Rad8 30. hxg5 Qxg5 31. Rxc6 dxc6 32. Nf3 Qg4 33. Qxe6+ Kh7 34.
Qe7+ Kh6 35. Be3+ 1-0

+ 1-0

[Event "Dundee & Angus Challengers"]
[Site "?"]
[Date "2014.10.11"]
[Round "2"]
[White "Emery, Keith"]
[Black "Espinosa Cancino, Monica"]
[Result "1/2-1/2"]
[WhiteElo "1684"]
[BlackElo "1527"]
[PlyCount "47"]
[EventDate "2014.??.??"]

1. e4 c5 2. Nf3 d6 3. Bb5+ Bd7 4. Qe2 a6 5. Bxd7+ Qxd7 6. Nc3 e6 7. b3 Nc6 8.
Bb2 Nf6 9. Na4 Qc7 10. e5 dxe5 11. Nxe5 Nd4 12. Bxd4 cxd4 13. c4 Rd8 14. Nb2
Bd6 15. Nbd3 Nd7 16. Nxd7 Rxd7 17. Qg4 Be5 18. Nxe5 Qxe5+ 19. Qe2 Qg5 20. g3 d3
21. Qe3 Qf6 22. O-O O-O 23. Rfe1 Re8 24. Qe5 1/2-1/2

2-1/2

[Event "Dundee & Angus Challengers"]
[Site "?"]
[Date "2014.10.11"]
[Round "2"]
[White "Bond, Alexander"]
[Black "Smith, Stephen H"]
[Result "1/2-1/2"]
[WhiteElo "1588"]
[BlackElo "1782"]
[PlyCount "75"]
[EventDate "2014.??.??"]

1. d4 Nf6 2. c4 e6 3. g3 Bb4+ 4. Bd2 Qe7 5. Bg2 O-O 6. Nf3 a5 7. O-O Bxd2 8.
Nbxd2 d5 9. Rc1 c6 10. Ne5 Nfd7 11. Nd3 f5 12. Qb3 Kh8 13. Nf3 a4 14. Qc2 Nb6
15. c5 N6d7 16. b4 axb3 17. axb3 Nf6 18. Nfe5 Qc7 19. b4 Nbd7 20. Rb1 Nxe5 21.
Nxe5 Nd7 22. Nxd7 Bxd7 23. f4 Ra7 24. Rb3 Rfa8 25. Rfb1 Ra4 26. e3 Qb8 27. Bf1
Qa7 28. b5 Ra1 29. bxc6 Bxc6 30. Bb5 Rxb1+ 31. Qxb1 Kg8 32. Bxc6 bxc6 33. Rb7
Qa3 34. Rb8+ Rxb8 35. Qxb8+ Kf7 36. Qc7+ Kf6 37. Qe5+ Kf7 38. Qc7+ 1/2-1/2

2-1/2